[Event "IECC O email"]
[Site "IECC email"]
[Date "2000.03.12"]
[Round "?"]
[White "Maye, Jean"]
[Black "Van den Bos, Frans Pieter"]
[Result "1-0"]
[WhiteElo "1800"]
[BlackElo "1782"]
[PlyCount "79"]
[EventDate "2000.??.??"]
[EventType "tourn (corr)"]
[EventRounds "6"]
[SourceTitle "Corr 2008"]
[Source "ChessBase"]
[SourceDate "2008.06.24"]
[SourceVersion "1"]
[SourceVersionDate "2008.06.24"]
[SourceQuality "1"]

1. d4 Nf6 2. c4 g6 3. Nc3 Bg7 4. e4 d6 5. Nf3 0-0 6. Be2 e5 7. 0-0 Nc6 8. d5 Ne7 9. Ne1 Nd7 10. Be3 f5 11. f3 f4 12. Bf2 g5 13. b4 Ng6 14. Nd3 Nf6 15. c5 Rf7 16. a4 h5 17. a5 Bd7 18. Nb2 g4 19. Nc4 Bf8 20. cxd6 cxd6 21. Rc1 Nh7 22. fxg4 hxg4 23. Bxg4 Rg7 24. Bxd7 Qxd7 25. Rc2 Be7 26. Kh1 Nf6 27. Qe2 Ng4 28. Bxa7 Nxh2 29. Kxh2 Rxa7 30. Nb6 Qe8 31. Nb5 Ra6 32. Nc7 Qf8 33. Nxa6 Rh7+ 34. Kg1 Qh6 35. Qg4 bxa6 36. Rc8+ Kg7 37. Kf2 Qh2 38. Ke1 Rh6 39. b5 axb5 40. a6 1-0